Detalles MARC
| 000 -LEADER |
| campo de control de longitud fija |
02862am aa2200517i 44500 |
| 003 - IDENTIFICADOR DE NÚMERO DE CONTROL |
| campo de control |
PE-LiUPU |
| 005 - FECHA Y HORA DE LA ÚLTIMA TRANSACCIÓN |
| campo de control |
20251023151113.0 |
| 008 - DATOS DE LONGITUD FIJA--INFORMACIÓN GENERAL |
| campo de control de longitud fija |
1504s2015 co#a rb 001 0 spa d |
| 020 ## - NÚMERO INTERNACIONAL ESTÁNDAR DEL LIBRO |
| Número Internacional Estándar del Libro |
9789587623765 |
| 035 ## - NÚMERO DE CONTROL DEL SISTEMA |
| Número de control de sistema |
PE-LiUPU000044 |
| 040 ## - FUENTE DE CATALOGACIÓN |
| Centro catalogador/agencia de origen |
PE-LiUPU |
| Lengua de catalogación |
spa |
| Centro/agencia transcriptor |
PE-LiUPU |
| Normas de descripción |
rda |
| 082 04 - NÚMERO DE LA CLASIFICACIÓN DECIMAL DEWEY |
| Número de clasificación |
720.47 |
| Cutter |
A681a |
| Número de edición |
23 |
| 100 1# - ENTRADA PRINCIPAL--NOMBRE DE PERSONA |
| Nombre de persona |
Aresta Rebelo, Marco A., |
| Término indicativo de función/relación |
autor. |
| 9 (RLIN) |
7366 |
| 245 10 - MENCIÓN DEL TÍTULO |
| Título |
Arquitectura biológica : |
| Resto del título |
la vivienda como organismo vivo / |
| Mención de responsabilidad, etc. |
por Marco A. Aresta Rebelo. |
| 250 ## - MENCION DE EDICION |
| Mención de edición |
Primera edición. |
| 264 #1 - PRODUCCIÓN, PUBLICACIÓN, DISTRIBUCIÓN, FABRICACIÓN Y COPYRIGHT |
| Producción, publicación, distribución, fabricación y copyright |
Bogotá : |
| Nombre del de productor, editor, distribuidor, fabricante |
Ediciones de la U, |
| Fecha de producción, publicación, distribución, fabricación o copyright |
abril de 2015. |
| 264 #4 - PRODUCCIÓN, PUBLICACIÓN, DISTRIBUCIÓN, FABRICACIÓN Y COPYRIGHT |
| Producción, publicación, distribución, fabricación y copyright |
Buenos Aires : |
| Nombre del de productor, editor, distribuidor, fabricante |
Editorial Nobuko, |
| Fecha de producción, publicación, distribución, fabricación o copyright |
©2015. |
| 300 ## - DESCRIPCIÓN FÍSICA |
| Extensión |
222 páginas : |
| Otras características físicas |
ilustraciones, diagramas ; |
| Dimensiones |
21 cm. |
| 336 ## - TIPO DE CONTENIDO |
| Término de tipo de contenido |
texto |
| Código de tipo de contenido |
txt |
| Fuente |
rdacontent |
| 337 ## - TIPO DE MEDIO |
| Nombre/término del tipo de medio |
sin mediación |
| Código del tipo de medio |
n |
| Fuente |
rdamedia |
| 338 ## - TIPO DE SOPORTE |
| Nombre/término del tipo de soporte |
volumen |
| Código del tipo de soporte |
nc |
| Fuente |
rdacarrier |
| 490 1# - MENCIÓN DE SERIE |
| Mención de serie |
Colección Arquitectura |
| 500 ## - NOTA GENERAL |
| Nota general |
Prólogos de Adriana Miceli, Vera W. de Spinadel, Rodolfo Rotondaro y Lisandro Cura. |
| 500 ## - NOTA GENERAL |
| Nota general |
Coordinación editorial: Adriana Gutiérrez M. ; carátula: Ediciones de la U. |
| 500 ## - NOTA GENERAL |
| Nota general |
Impreso en Xpress Estudio Gráfico y Digital S.A., Bogotá, Colombia. |
| 500 ## - NOTA GENERAL |
| Nota general |
Edición autorizada para Colombia de la edición original publicada por Editorial Nobuko S.A., Argentina. |
| 504 ## - NOTA DE BIBLIOGRAFÍA, ETC. |
| Nota de bibliografía, etc. |
Incluye bibliografía (p. 217). |
| 505 0# - NOTA DE CONTENIDO CON FORMATO |
| Nota de contenido con formato |
Prólogo -- Introducción -- Entorno -- Forma -- Materia -- Ser humano -- Conclusión -- Bibliografía. |
| 520 ## - RESUMEN, ETC. |
| Sumario, etc. |
Análisis teórico y práctico sobre los principios de la arquitectura biológica y sustentable. El autor propone entender la vivienda como un organismo vivo, integrado al entorno natural y social. Incluye temas de bioclimática, eco-tecnologías, geometría sensible, construcción con tierra y diseño participativo, orientados hacia un equilibrio entre el ser humano y el ambiente. |
| 546 ## - NOTA DE IDIOMA |
| Nota de lengua/lenguaje |
Texto en español. |
| 650 14 - PUNTO DE ACCESO ADICIONAL DE MATERIA--TÉRMINO DE MATERIA |
| Término de materia o nombre geográfico como elemento de entrada |
Arquitectura sustentable. |
| 9 (RLIN) |
45 |
| 650 24 - PUNTO DE ACCESO ADICIONAL DE MATERIA--TÉRMINO DE MATERIA |
| Término de materia o nombre geográfico como elemento de entrada |
Diseño bioclimático. |
| 9 (RLIN) |
7367 |
| 650 24 - PUNTO DE ACCESO ADICIONAL DE MATERIA--TÉRMINO DE MATERIA |
| Término de materia o nombre geográfico como elemento de entrada |
Arquitectura ecológica |
| Subdivisión general |
Diseño y planificación. |
| 9 (RLIN) |
7278 |
| 650 24 - PUNTO DE ACCESO ADICIONAL DE MATERIA--TÉRMINO DE MATERIA |
| Término de materia o nombre geográfico como elemento de entrada |
Viviendas sostenibles |
| Subdivisión general |
Diseño y construcción. |
| 9 (RLIN) |
7368 |
| 650 24 - PUNTO DE ACCESO ADICIONAL DE MATERIA--TÉRMINO DE MATERIA |
| Término de materia o nombre geográfico como elemento de entrada |
Tecnología ambiental, |
| Subdivisión general |
Aplicaciones en arquitectura. |
| 9 (RLIN) |
7369 |
| 700 ## - ENTRADA AGREGADA--NOMBRE PERSONAL |
| Nombre de persona |
Miceli, Adriana, |
| Término indicativo de función/relación |
autora del prólogo. |
| 9 (RLIN) |
7370 |
| 700 ## - ENTRADA AGREGADA--NOMBRE PERSONAL |
| Nombre de persona |
Spinadel, Vera W. de, |
| Término indicativo de función/relación |
autora del prólogo. |
| 9 (RLIN) |
7371 |
| 700 ## - ENTRADA AGREGADA--NOMBRE PERSONAL |
| Nombre de persona |
Rotondaro, Rodolfo, |
| Término indicativo de función/relación |
autor del prólogo. |
| 9 (RLIN) |
7372 |
| 700 ## - ENTRADA AGREGADA--NOMBRE PERSONAL |
| Nombre de persona |
Cura, Lisandro, |
| Término indicativo de función/relación |
autor del prólogo. |
| 9 (RLIN) |
7373 |
| 710 ## - ENTRADA AGREGADA--NOMBRE DE ENTIDAD CORPORATIVA |
| Nombre de entidad corporativa o nombre de jurisdicción como elemento de entrada |
Xpress Estudio Gráfico y Digital S.A., |
| Término indicativo de función/relación |
impresor. |
| 9 (RLIN) |
7374 |
| 830 #0 - PUNTO DE ACCESO ADICIONAL DE SERIE-TÍTULO UNIFORME |
| Título uniforme |
Colección Arquitectura (Ediciones de la U) |
| 856 40 - LOCALIZACIÓN Y ACCESO ELECTRÓNICOS |
| Identificador Uniforme de Recursos |
<a href="https://www.edicionesdelau.com">https://www.edicionesdelau.com</a> |
| Nota pública |
Sitio web de Ediciones de la U. |
| 942 ## - ELEMENTOS DE ENTRADA SECUNDARIOS (KOHA) |
| Fuente del sistema de clasificación o colocación |
Clasificación Decimal Dewey |
| Tipo de ítem Koha |
Libros físicos |
| 980 ## - EQUIVALENCIA O REFERENCIA-CRUZADA-MENCIÓN DE SERIE--NOMBRE DE PERSONA/TÍTULO [LOCAL, CANADÁ] |
| ID del usuario creador del registro |
21515 |
| Nombre del creador del registro |
ROMINA COBOS Adquisiciones |
| ID del último usuario que modificó el registro |
18226 |
| Nombre del último usuario que modificó el registro |
Jaime Vilcazán Jefe de Análisis Documental |